000 00349cam a22001097a 4500
008 180718b1989 xxu||||| |||| 00| 0 eng d
082 _aA75 Ut8GO
245 _aUttar Pradesh district gazetteers: Gonda
_cedited by Kailash Narain Pande
260 _aLucknow
_bDepartment of District Gazetteers
_c1989
300 _a301p.
700 _aPande, Kailash Narain
999 _c486977
_d486977